000 00217nam a2200097Ia 4500
005 20251222114414.0
008 251222s1900||||xx |||||||||||||| ||spa||
082 _aDVD0070/L85T/2005
245 0 _aTinta Roja:
942 _cDVD
999 _c2166
_d2166